[Event "Euskadi-chTA"]
[Site "Euskadi"]
[Date "2001.02.10"]
[Round "9"]
[White "Alonso, Ismael"]
[Black "Martinez de Butron Alberdi, Luis"]
[Result "1-0"]
[WhiteElo "2251"]
[BlackElo "1700"]
[PlyCount "47"]
[EventDate "2000.11.18"]
[EventType "team"]
[EventRounds "9"]
[EventCountry "ESP"]
[SourceTitle "EXT 2006"]
[Source "ChessBase"]
[SourceDate "2005.11.24"]
[SourceVersion "1"]
[SourceVersionDate "2005.11.24"]
[SourceQuality "1"]

1. d4 Nf6 2. Bg5 d5 3. Bxf6 exf6 4. e3 Be6 5. Nd2 c6 6. Ngf3 Nd7 7. Bd3 Bd6 8. c3 0-0 9. Qc2 h6 10. 0-0-0 c5 11. Rdg1 Rb8 12. g4 Re8 13. h4 cxd4 14. Nxd4 a6 15. g5 Kh8 16. Bf5 Bxf5 17. Nxf5 Bf8 18. g6 fxg6 19. Nxh6 Qe7 20. Ng4 Qf7 21. h5 g5 22. Qg6 Qxg6 23. hxg6+ Kg8 24. Rh7 1-0